| 000 -LEADER |
| fixed length control field |
00622cam a2200181 a 4500 |
| 020 ## - INTERNATIONAL STANDARD BOOK NUMBER |
| ISBN |
088936706X |
| 040 ## - CATALOGING SOURCE |
| Transcribing agency |
DJBF |
| 082 ## - DEWEY DECIMAL CLASSIFICATION NUMBER |
| Classification number |
494 IDR 1994 C141 Co. |
| 245 00 - TITLE STATEMENT |
| Title |
Cities feeding people : |
| Remainder of title |
an examination of urban agriculture in east Africa / |
| 260 ## - PUBLICATION, DISTRIBUTION, ETC. (IMPRINT) |
| Place of publication |
Ottawa : |
| Name of publisher |
International Development Research Centre, |
| Year of publication |
c1994. |
| 300 ## - PHYSICAL DESCRIPTION |
| Number of Pages |
xiv, 146 p. : |
| Other physical details |
ill. ; |
| Dimensions |
22 cm. |
| 650 #0 - SUBJECT ADDED ENTRY--TOPICAL TERM |
| Topical Term |
Urban agriculture |
| 650 #0 - SUBJECT ADDED ENTRY--TOPICAL TERM |
| Topical Term |
Food supply |
| 700 1# - ADDED ENTRY--PERSONAL NAME |
| Personal name |
Egziabher, Axumite G. |
| 710 2# - ADDED ENTRY--CORPORATE NAME |
| Corporate name or jurisdiction name as entry element |
International Development Research Centre (Canada) |
| 856 42 - ELECTRONIC LOCATION AND ACCESS |
| Uniform Resource Identifier |
http://www.loc.gov/catdir/enhancements/fy1411/95175677-d.html |
| 942 ## - ADDED ENTRY ELEMENTS (KOHA) |
| Koha item type |
សៀវភៅភាសាអង់គ្លេស |
| 952 ## - LOCATION AND ITEM INFORMATION (KOHA) |
| Withdrawn status [LOCAL, KOHA] |
0 |
| 952 ## - LOCATION AND ITEM INFORMATION (KOHA) |
| Withdrawn status [LOCAL, KOHA] |
0 |